000 00383nam a2200145 4500
999 _c9507
_d9507
003 OSt
005 20210630105124.0
008 210630b ||||| |||| 00| 0 eng d
020 _a9781616895709
082 _a720.922
_bPAT
100 _aArchitects, Patkau
245 _aPatkau Architects : Material Operations
260 _aNew York
_bPrinceton Architectural press
_c2017
942 _2ddc